000 00625nam a2200217Ia 4500
003 GCL
008 140319s9999 xx 000 0 ara d
040 _aGCL /
_cGCL
082 0 4 _a938
_bك ا
100 1 _aمحمد صقر خفاجة
245 1 0 _aالاغريق /
_cمحمد صقر خفاجة
700 1 _aعبدالرازق يسرى
700 1 _aكيتو, هـ.د
300 _a332 ص
490 _aالهيئة العامة للاستعلامات
_v0
650 0 4 _aالتاريخ
650 0 4 _aالتاريخ القديم
650 0 4 _aحضارة الاغريق
650 0 4 _aالاغريق
942 _2ddc
_cBK
999 _c49786
_d49786